|
|
|
|
| LEADER |
00000nam a22000007a 4500 |
| 003 |
CL-VaPUC |
| 005 |
20250407202447.0 |
| 008 |
250314t2007 ||||| |||| 00| 0 eng d |
| 999 |
|
|
|c 447344
|d 447342
|
| 020 |
|
|
|a 978-84-9801-225-5
|
| 040 |
|
|
|c Pontificia Universidad Católica de Valparaíso
|
| 082 |
|
|
|a 659.1 HIM 2007
|
| 100 |
|
|
|9 896864
|a Himpe, Tom
|e autor
|
| 245 |
|
|
|a La publicidad ha muerto: ¡Larga vida a la publicidad!
|
| 250 |
|
|
|a Primera edición en lengua española.
|
| 260 |
|
|
|a Barcelona, España:
|b Blume,
|c 2007.
|
| 300 |
|
|
|a 224 páginas:
|b fotografías.
|
| 500 |
|
|
|a c.1-c.4. Instituto Arcos.08-01-2025.
|
| 583 |
|
|
|c 20250314
|k Gabriela Rodríguez Cuevas
|
| 650 |
|
0 |
|9 314572
|a Publicidad
|
| 650 |
|
0 |
|9 266185
|a Arte publicitario
|
| 650 |
|
0 |
|9 541388
|a Campañas publicitarias
|
| 700 |
|
|
|9 896552
|a Diéguez Diéguez, Remedios
|e traductora
|
| 942 |
|
|
|2 ddc
|c BK
|n 0
|
| 952 |
|
|
|0 0
|1 0
|2 ddc
|4 0
|6 659_100000000000000_HIM_2007
|7 0
|8 A
|9 601252
|a BIBINC
|b BIBINC
|d 2025-03-14
|e Instituto Arcos
|i 5666091
|o 659.1 HIM 2007
|p 5666091
|r 2025-03-14
|t 1
|w 2025-03-14
|y BK
|k IFP
|
| 952 |
|
|
|0 0
|1 0
|2 ddc
|4 0
|6 659_100000000000000_HIM_2007
|7 0
|8 A
|9 601253
|a BIBINC
|b BIBINC
|d 2025-03-14
|e Instituto Arcos
|i 5666092
|o 659.1 HIM 2007
|p 5666092
|r 2025-03-14
|t 2
|w 2025-03-14
|y BK
|k IFP
|
| 952 |
|
|
|0 0
|1 0
|2 ddc
|4 0
|6 659_100000000000000_HIM_2007
|7 0
|8 A
|9 601254
|a BIBINC
|b BIBINC
|d 2025-03-14
|e Instituto Arcos
|i 5666093
|o 659.1 HIM 2007
|p 5666093
|r 2025-03-14
|t 3
|w 2025-03-14
|y BK
|k IFP
|
| 952 |
|
|
|0 0
|1 0
|2 ddc
|4 0
|6 659_100000000000000_HIM_2007
|7 0
|8 A
|9 601255
|a BIBINC
|b BIBINC
|d 2025-03-14
|e Instituto Arcos
|i 5666094
|o 659.1 HIM 2007
|p 5666094
|r 2025-03-14
|t 4
|w 2025-03-14
|y BK
|k IFP
|